Návrh nositeľného zariadenia pre monitorovanie rozloženia tlaku na chodidle

Gespeichert in:
Bibliographische Detailangaben
1. Verfasser: Filip, Jakub (Verfasst von)
Weitere Verfasser: Ďuďák, Juraj (Betreuung Doktorarbeit)
Format: Manuskript Buch
Sprache:Slowakisch
Veröffentlicht: 2024
Schlagworte:
Online-Zugang:http://is.stuba.sk/zp/portal_zp.pl?podrobnosti=172105
Tags: Tag hinzufügen
Keine Tags, Fügen Sie das erste Tag hinzu!

MARC

LEADER 00000ntm a22000003a 4500
001 stuzp98179
003 SK-STU
005 20240629211853.8
007 ta
008 150427s2015----xo-----f-mn---000-0-slo-d
040 |a STU  |b slo 
041 0 |a slo 
100 1 |a Filip, Jakub  |u 066000  |4 aut  |U MTF Materiálovotechnologická fakulta  |T MTF Ústav aplikovanej informatiky, automatizácie a mechatroniky  |X 117482  |U M6000  |Y 86  |7 117482 
242 0 1 |a Design of a wearable foot pressure distribution monitoring device  |y eng 
245 1 0 |a Návrh nositeľného zariadenia pre monitorovanie rozloženia tlaku na chodidle 
260 |c 2024 
650 4 |a dáta  |2 slo 
650 4 |a CSV  |2 slo 
650 4 |a NRF24L01  |2 slo 
650 4 |a SPI  |2 slo 
650 4 |a FSR senzor  |2 slo 
650 4 |a ADC  |2 slo 
650 4 |a STM32L432KC  |2 slo 
650 4 |a NRF24L01  |2 eng 
650 4 |a SPI  |2 eng 
650 4 |a data  |2 eng 
650 4 |a STM32L432KC  |2 eng 
650 4 |a FSR sensor  |2 eng 
650 4 |a CSV  |2 eng 
650 4 |a ADC  |2 eng 
700 1 |a Ďuďák, Juraj  |u 066000  |k Z1  |4 ths  |U MTF Materiálovotechnologická fakulta  |T MTF Ústav aplikovanej informatiky, automatizácie a mechatroniky  |X 53397  |U M6000  |Y 86  |7 A000053397 
856 4 |u http://is.stuba.sk/zp/portal_zp.pl?podrobnosti=172105 
996 |c M* BP-9739  |l MMSKP  |s P  |a 0  |w stuzp98179_0001